000 00645nam a2200181 i 4500
001 156700
003 ES-MaACL
005 20251015063139.0
008 981015s1801 fr |||| | fre d
040 _aCAM
_bspa
_cCAM
100 1 _aLa Fontaine, Jean de,
_d1621-1695
_969147
245 1 0 _aFables choisies /
_cmises en vers par La Fontaine.
260 _aA Paris :
_bchez André,
_cAn neuf [1801]
300 _a224, 188 p. ;
_c14 cm.
597 _aAntep.
852 _aES-MaACL
_jR-2926-27
_z-- Enc. pasta
_x-- Edic.: 2 v. (224; 118 p.), cada parte con port. propia
_x Olim: D-4032-33
999 _c156700
_d156700